[Event "WCO 2016"]
[Site "?"]
[Date "2016.09.11"]
[Round "9"]
[Board "31"]
[WhiteID "1112635"]
[White "Bartel Mateusz"]
[BlackID "5801770"]
[Black "Shanmugam Ravindran"]
[Result "1-0"]
[BlackElo "2345"]
[WhiteElo "2646"]
[LiveChessVersion "1.4.8"]

1. e4 {[%clk 1:30:57]} e5 {[%clk 1:30:51]} 2. Nf3 {[%clk 1:31:21]} Nc6
{[%clk 1:31:14]} 3. Bb5 {[%clk 1:31:47]} Nf6 {[%clk 1:31:38]} 4. d3
{[%clk 1:30:21]} Bc5 {[%clk 1:31:46]} 5. Nbd2 {[%clk 1:22:29]} d6
{[%clk 1:30:47]} 6. Bxc6+ {[%clk 1:20:21]} bxc6 {[%clk 1:31:08]} 7. O-O
{[%clk 1:20:14]} O-O {[%clk 1:29:49]} 8. h3 {[%clk 1:20:40]} Re8 {[%clk 1:25:27]}
9. Re1 {[%clk 1:20:07]} h6 {[%clk 1:21:48]} 10. Nf1 {[%clk 1:12:47]} Be6
{[%clk 1:11:36]} 11. Ng3 {[%clk 1:12:09]} Bb6 {[%clk 1:10:08]} 12. a4
{[%clk 1:07:23]} a6 {[%clk 1:05:49]} 13. b3 {[%clk 1:07:15]} Nh7 {[%clk 0:59:16]}
14. Be3 {[%clk 1:05:22]} Bxe3 {[%clk 0:47:39]} 15. Rxe3 {[%clk 1:05:13]} Nf8
{[%clk 0:45:01]} 16. d4 {[%clk 1:05:29]} Ng6 {[%clk 0:42:17]} 17. dxe5
{[%clk 0:59:32]} dxe5 {[%clk 0:41:45]} 18. Rc3 {[%clk 0:59:55]} Bd7
{[%clk 0:30:07]} 19. Rd3 {[%clk 0:59:22]} Nf8 {[%clk 0:30:26]} 20. Qd2
{[%clk 0:51:51]} Qe7 {[%clk 0:29:06]} 21. Rd1 {[%clk 0:52:18]} Bc8
{[%clk 0:28:24]} 22. Qc3 {[%clk 0:45:43]} Qf6 {[%clk 0:24:09]} 23. Qa5
{[%clk 0:44:11]} Ra7 {[%clk 0:21:53]} 24. Qc5 {[%clk 0:41:09]} Rb7
{[%clk 0:21:04]} 25. Nh5 {[%clk 0:41:34]} Qe6 {[%clk 0:15:54]} 26. Rd8
{[%clk 0:40:01]} f6 {[%clk 0:11:46]} 27. Ng3 {[%clk 0:38:06]} Bd7
{[%clk 0:09:24]} 28. Rxe8 {[%clk 0:35:26]} Bxe8 {[%clk 0:09:42]} 29. Nf5
{[%clk 0:34:29]} Nd7 {[%clk 0:08:20]} 30. Qa5 {[%clk 0:25:15]} c5
{[%clk 0:06:33]} 31. Nd2 {[%clk 0:25:39]} Bg6 {[%clk 0:05:46]} 32. Nc4
{[%clk 0:25:43]} Kh7 {[%clk 0:03:34]} 33. Qd2 {[%clk 0:18:42]} Nb6
{[%clk 0:03:21]} 34. Nce3 {[%clk 0:19:10]} Bxf5 {[%clk 0:01:51]} 35. Nxf5
{[%clk 0:13:41]} c6 {[%clk 0:00:40]} 36. Qa5 {[%clk 0:13:57]} Rd7
{[%clk 0:00:36]} 37. Rxd7 {[%clk 0:14:21]} Nxd7 {[%clk 0:01:02]} 38. Qxa6
{[%clk 0:14:38]} g6 {[%clk 0:01:10]} 39. Ne3 {[%clk 0:15:03]} Kg7
{[%clk 0:00:40]} 40. Qb7 {[%clk 0:44:51]} f5 {[%clk 0:30:43]} 41. a5
{[%clk 0:44:15]} f4 {[%clk 0:26:22]} 42. Nc4 {[%clk 0:44:21]} f3 {[%clk 0:26:13]}
43. Nb6 {[%clk 0:44:46]} 1-0

[Event "WCO 2016"]
[Site "?"]
[Date "2016.09.11"]
[Round "9"]
[Board "32"]
[WhiteID "5801664"]
[White "Foo Zhi Rong Benjamin"]
[BlackID "1126881"]
[Black "Swiercz Dariusz"]
[Result "0-1"]
[BlackElo "2639"]
[WhiteElo "2233"]
[LiveChessVersion "1.4.8"]

1. e4 {[%clk 1:30:57]} c5 {[%clk 1:30:54]} 2. Nf3 {[%clk 1:31:23]} d6
{[%clk 1:31:19]} 3. d4 {[%clk 1:31:39]} cxd4 {[%clk 1:31:43]} 4. Qxd4
{[%clk 1:32:06]} Nc6 {[%clk 1:31:53]} 5. Bb5 {[%clk 1:32:26]} Bd7
{[%clk 1:32:18]} 6. Bxc6 {[%clk 1:32:55]} Bxc6 {[%clk 1:32:40]} 7. Nc3
{[%clk 1:33:22]} Nf6 {[%clk 1:32:45]} 8. Bg5 {[%clk 1:33:25]} e6 {[%clk 1:33:01]}
9. O-O-O {[%clk 1:33:50]} Be7 {[%clk 1:33:21]} 10. Qd3 {[%clk 1:34:02]} Qa5
{[%clk 1:33:32]} 11. Kb1 {[%clk 1:33:50]} O-O {[%clk 1:30:22]} 12. g4
{[%clk 1:31:31]} Rfe8 {[%clk 1:20:45]} 13. h4 {[%clk 1:19:44]} Nxg4
{[%clk 0:52:16]} 14. Bxe7 {[%clk 1:03:49]} Rxe7 {[%clk 0:52:04]} 15. Qxd6
{[%clk 1:00:40]} Qc7 {[%clk 0:51:24]} 16. Qxc7 {[%clk 0:50:38]} Rxc7
{[%clk 0:51:42]} 17. Rd2 {[%clk 0:51:04]} b5 {[%clk 0:48:32]} 18. Rhd1
{[%clk 0:48:49]} g6 {[%clk 0:36:02]} 19. Nd4 {[%clk 0:43:44]} a6 {[%clk 0:34:48]}
20. Nxc6 {[%clk 0:42:07]} Rxc6 {[%clk 0:35:05]} 21. f3 {[%clk 0:40:49]} Ne3
{[%clk 0:32:46]} 22. Rg1 {[%clk 0:23:37]} Rac8 {[%clk 0:26:52]} 23. Rd3
{[%clk 0:19:32]} Nc4 {[%clk 0:27:02]} 24. f4 {[%clk 0:17:56]} Na3+
{[%clk 0:17:45]} 25. bxa3 {[%clk 0:15:44]} Rxc3 {[%clk 0:18:09]} 26. Rg2
{[%clk 0:15:49]} Rxd3 {[%clk 0:15:57]} 27. cxd3 {[%clk 0:16:18]} Rc3
{[%clk 0:16:20]} 28. Rd2 {[%clk 0:12:33]} Rxa3 {[%clk 0:16:44]} 29. Kc1
{[%clk 0:12:44]} f5 {[%clk 0:10:32]} 30. e5 {[%clk 0:10:24]} Kf7 {[%clk 0:09:30]}
31. Kd1 {[%clk 0:07:14]} Ra4 {[%clk 0:08:49]} 32. d4 {[%clk 0:07:35]} Ke7
{[%clk 0:09:05]} 33. Ke2 {[%clk 0:06:48]} Kd7 {[%clk 0:09:29]} 34. Kf2
{[%clk 0:04:08]} Kc6 {[%clk 0:09:36]} 35. Rc2+ {[%clk 0:03:02]} Rc4
{[%clk 0:09:16]} 36. Rd2 {[%clk 0:03:30]} Kd5 {[%clk 0:09:39]} 37. Ke3
{[%clk 0:03:40]} Rc3+ {[%clk 0:09:55]} 38. Kf2 {[%clk 0:04:03]} Rh3
{[%clk 0:10:05]} 39. Kg2 {[%clk 0:03:50]} Rxh4 {[%clk 0:10:21]} 40. Kg3
{[%clk 0:34:07]} g5 {[%clk 0:39:41]} 41. fxg5 {[%clk 0:30:29]} Rxd4
{[%clk 0:39:53]} 42. Rh2 {[%clk 0:30:44]} Rg4+ {[%clk 0:39:38]} 43. Kf3
{[%clk 0:31:02]} Rxg5 {[%clk 0:40:00]} 44. Rxh7 {[%clk 0:31:24]} Rg4
{[%clk 0:40:22]} 0-1

[Event "WCO 2016"]
[Site "?"]
[Date "2016.09.11"]
[Round "9"]
[Board "1"]
[WhiteID "3503240"]
[White "Dominguez Perez Leinier"]
[BlackID "14200244"]
[Black "Kasimdzhanov Rustam"]
[Result "1-0"]
[BlackElo "2696"]
[WhiteElo "2720"]
[LiveChessVersion "1.4.8"]

1. e4 {[%clk 1:30:52]} e5 {[%clk 1:30:55]} 2. Nf3 {[%clk 1:31:14]} Nc6
{[%clk 1:31:21]} 3. Bb5 {[%clk 1:31:30]} Nf6 {[%clk 1:31:45]} 4. d3
{[%clk 1:29:21]} Bc5 {[%clk 1:30:24]} 5. Bxc6 {[%clk 1:27:51]} dxc6
{[%clk 1:30:39]} 6. Qe2 {[%clk 1:28:15]} Bg4 {[%clk 1:23:41]} 7. Nbd2
{[%clk 1:24:20]} Nd7 {[%clk 1:21:29]} 8. h3 {[%clk 1:15:43]} Bh5 {[%clk 1:19:14]}
9. Nf1 {[%clk 0:58:07]} Bxf3 {[%clk 1:15:03]} 10. Qxf3 {[%clk 0:58:29]} Qe7
{[%clk 1:13:08]} 11. Ng3 {[%clk 0:41:33]} g6 {[%clk 1:11:54]} 12. O-O
{[%clk 0:39:11]} Nf8 {[%clk 1:07:56]} 13. Be3 {[%clk 0:38:24]} Ne6
{[%clk 1:01:39]} 14. Ne2 {[%clk 0:38:44]} O-O {[%clk 0:57:46]} 15. Qg3
{[%clk 0:36:29]} Bxe3 {[%clk 0:42:56]} 16. Qxe3 {[%clk 0:36:53]} c5
{[%clk 0:42:15]} 17. f4 {[%clk 0:35:06]} exf4 {[%clk 0:41:17]} 18. Nxf4
{[%clk 0:35:31]} Nxf4 {[%clk 0:39:20]} 19. Rxf4 {[%clk 0:22:49]} Qe5
{[%clk 0:37:25]} 20. Raf1 {[%clk 0:23:12]} Qxb2 {[%clk 0:32:27]} 21. Qxc5
{[%clk 0:23:37]} Qb6 {[%clk 0:32:50]} 22. Qf2 {[%clk 0:24:01]} Rad8
{[%clk 0:27:28]} 23. Rf6 {[%clk 0:17:51]} Qd4 {[%clk 0:13:31]} 24. g4
{[%clk 0:14:46]} c5 {[%clk 0:13:15]} 25. Kg2 {[%clk 0:14:37]} c4 {[%clk 0:12:07]}
26. Rxf7 {[%clk 0:13:02]} Qxf2+ {[%clk 0:12:25]} 27. R7xf2 {[%clk 0:13:28]} Rfe8
{[%clk 0:03:03]} 28. Rf3 {[%clk 0:13:32]} Re5 {[%clk 0:02:50]} 29. Rb1
{[%clk 0:11:58]} Ra5 {[%clk 0:03:14]} 30. Rb2 {[%clk 0:07:38]} b6
{[%clk 0:03:04]} 31. Kf2 {[%clk 0:07:30]} h5 {[%clk 0:01:35]} 32. gxh5
{[%clk 0:07:23]} Rxh5 {[%clk 0:02:02]} 33. Rb4 {[%clk 0:05:45]} 1-0

[Event "WCO 2016"]
[Site "?"]
[Date "2016.09.11"]
[Round "9"]
[Board "2"]
[WhiteID "14201801"]
[White "Vakhidov Jahongir"]
[BlackID "3503739"]
[Black "Bruzon Batista Lazaro"]
[Result "1/2-1/2"]
[BlackElo "2623"]
[WhiteElo "2583"]
[LiveChessVersion "1.4.8"]

1. c4 {[%clk 1:30:46]} e5 {[%clk 1:30:26]} 2. Nc3 {[%clk 1:30:48]} Nc6
{[%clk 1:30:49]} 3. Nf3 {[%clk 1:30:52]} Nf6 {[%clk 1:31:14]} 4. g3
{[%clk 1:30:55]} Bc5 {[%clk 1:31:02]} 5. Bg2 {[%clk 1:30:42]} d6 {[%clk 1:30:57]}
6. O-O {[%clk 1:30:38]} O-O {[%clk 1:30:57]} 7. e3 {[%clk 1:30:33]} Bb6
{[%clk 1:29:07]} 8. d4 {[%clk 1:30:26]} exd4 {[%clk 1:26:19]} 9. Nxd4
{[%clk 1:19:12]} Nxd4 {[%clk 1:08:24]} 10. exd4 {[%clk 1:19:17]} h6
{[%clk 0:56:52]} 11. b3 {[%clk 1:09:02]} a6 {[%clk 0:46:37]} 12. Bb2
{[%clk 1:04:19]} Rb8 {[%clk 0:39:53]} 13. h3 {[%clk 0:50:26]} Bd7
{[%clk 0:35:20]} 14. Qd3 {[%clk 0:42:03]} Ba7 {[%clk 0:26:40]} 15. a4
{[%clk 0:40:29]} Bc6 {[%clk 0:25:19]} 16. d5 {[%clk 0:39:28]} Bd7
{[%clk 0:25:38]} 17. Ne2 {[%clk 0:39:31]} Re8 {[%clk 0:24:19]} 18. g4
{[%clk 0:38:33]} Bc5 {[%clk 0:22:09]} 19. Bc3 {[%clk 0:38:44]} c6
{[%clk 0:13:08]} 20. Nf4 {[%clk 0:23:24]} cxd5 {[%clk 0:11:52]} 21. Nxd5
{[%clk 0:23:09]} Nxd5 {[%clk 0:12:11]} 22. Bxd5 {[%clk 0:23:32]} Be6
{[%clk 0:12:23]} 23. Bg2 {[%clk 0:23:47]} Qb6 {[%clk 0:08:19]} 24. Rab1
{[%clk 0:21:03]} a5 {[%clk 0:06:32]} 25. Qd2 {[%clk 0:19:26]} Ra8
{[%clk 0:06:50]} 26. Kh1 {[%clk 0:15:30]} Qd8 {[%clk 0:03:13]} 27. Kg1
{[%clk 0:05:33]} h5 {[%clk 0:01:49]} 28. Qf4 {[%clk 0:04:33]} Qh4
{[%clk 0:00:49]} 29. Rbe1 {[%clk 0:00:44]} hxg4 {[%clk 0:01:05]} 30. hxg4
{[%clk 0:00:42]} Re7 {[%clk 0:01:13]} 31. Re4 {[%clk 0:00:37]} Rae8
{[%clk 0:01:27]} 32. Rfe1 {[%clk 0:00:36]} b6 {[%clk 0:01:43]} 33. R1e2
{[%clk 0:00:40]} Kf8 {[%clk 0:00:40]} 34. g5 {[%clk 0:00:39]} Qxf4
{[%clk 0:00:35]} 35. Rxf4 {[%clk 0:01:08]} Bc8 {[%clk 0:00:47]} 36. Rxe7
{[%clk 0:00:36]} Rxe7 {[%clk 0:01:17]} 37. g6 {[%clk 0:00:44]} Be6
{[%clk 0:01:17]} 38. Be4 {[%clk 0:00:38]} Kg8 {[%clk 0:01:26]} 39. Rh4
{[%clk 0:00:36]} fxg6 {[%clk 0:01:15]} 40. Bxg6 {[%clk 0:31:04]} d5
{[%clk 0:30:51]} 41. Bh7+ {[%clk 0:30:41]} Kf8 {[%clk 0:30:15]} 42. Bg6
{[%clk 0:29:48]} Kg8 {[%clk 0:29:40]} 43. Bh7+ {[%clk 0:29:04]} Kf8
{[%clk 0:28:14]} 44. Bg6 {[%clk 0:29:14]} 1/2-1/2

[Event "WCO 2016"]
[Site "?"]
[Date "2016.09.11"]
[Round "9"]
[Board "3"]
[WhiteID "3504409"]
[White "Quesada Perez Yuniesky"]
[BlackID "14200988"]
[Black "Filippov Anton"]
[Result "1/2-1/2"]
[BlackElo "2582"]
[WhiteElo "2636"]
[LiveChessVersion "1.4.8"]

1. e4 {[%clk 1:30:56]} e5 {[%clk 1:30:52]} 2. Nf3 {[%clk 1:31:21]} Nc6
{[%clk 1:31:18]} 3. Bb5 {[%clk 1:31:43]} a6 {[%clk 1:31:46]} 4. Ba4
{[%clk 1:32:05]} Nf6 {[%clk 1:32:11]} 5. O-O {[%clk 1:32:25]} Be7
{[%clk 1:32:26]} 6. d3 {[%clk 1:32:42]} b5 {[%clk 1:32:37]} 7. Bb3
{[%clk 1:33:04]} d6 {[%clk 1:32:23]} 8. a4 {[%clk 1:32:48]} b4 {[%clk 1:26:30]}
9. Nbd2 {[%clk 1:31:08]} Na5 {[%clk 1:19:00]} 10. Ba2 {[%clk 1:31:15]} c5
{[%clk 1:19:11]} 11. c3 {[%clk 1:28:55]} Bg4 {[%clk 1:16:43]} 12. h3
{[%clk 1:27:17]} Bh5 {[%clk 1:16:27]} 13. Nc4 {[%clk 1:23:18]} Nxc4
{[%clk 1:13:35]} 14. Bxc4 {[%clk 1:22:33]} bxc3 {[%clk 1:13:49]} 15. bxc3
{[%clk 1:22:48]} Qa5 {[%clk 1:13:53]} 16. Rb1 {[%clk 1:19:59]} Bxf3
{[%clk 0:49:33]} 17. Qxf3 {[%clk 1:11:44]} Qxa4 {[%clk 0:49:52]} 18. Qg3
{[%clk 1:09:47]} O-O {[%clk 0:46:31]} 19. Bh6 {[%clk 1:01:44]} Ne8
{[%clk 0:36:55]} 20. Rb7 {[%clk 0:43:15]} Bf6 {[%clk 0:36:57]} 21. Rfb1
{[%clk 0:43:36]} Qc6 {[%clk 0:32:41]} 22. Bd5 {[%clk 0:36:41]} Qc8
{[%clk 0:32:48]} 23. R7b6 {[%clk 0:36:30]} Ra7 {[%clk 0:32:35]} 24. Rb8
{[%clk 0:28:24]} Qd7 {[%clk 0:31:43]} 25. R1b6 {[%clk 0:24:01]} Nc7
{[%clk 0:20:24]} 26. Bc6 {[%clk 0:19:29]} Qe7 {[%clk 0:20:42]} 27. Qg4
{[%clk 0:17:59]} Ne6 {[%clk 0:19:01]} 28. Bd5 {[%clk 0:17:51]} Qc7
{[%clk 0:11:51]} 29. R8b7 {[%clk 0:13:59]} Rxb7 {[%clk 0:12:11]} 30. Rxb7
{[%clk 0:14:25]} Qc8 {[%clk 0:12:12]} 31. Be3 {[%clk 0:12:03]} Nc7
{[%clk 0:11:30]} 32. Qxc8 {[%clk 0:11:26]} Rxc8 {[%clk 0:11:59]} 33. Bc4
{[%clk 0:11:50]} Kf8 {[%clk 0:09:24]} 34. Ra7 {[%clk 0:11:29]} Bd8
{[%clk 0:09:06]} 35. f4 {[%clk 0:11:24]} f6 {[%clk 0:08:22]} 36. f5
{[%clk 0:10:28]} Rb8 {[%clk 0:08:32]} 37. Kf2 {[%clk 0:10:13]} Rb2+
{[%clk 0:07:26]} 38. Kf3 {[%clk 0:09:28]} Rc2 {[%clk 0:07:33]} 39. g4
{[%clk 0:09:39]} Rxc3 {[%clk 0:06:34]} 40. g5 {[%clk 0:39:41]} fxg5
{[%clk 0:34:33]} 41. Bxg5 {[%clk 0:38:43]} Bxg5 {[%clk 0:31:14]} 42. Rxc7
{[%clk 0:39:01]} Bf6 {[%clk 0:28:44]} 43. Ra7 {[%clk 0:36:26]} Ra3
{[%clk 0:26:59]} 44. Rxa6 {[%clk 0:36:20]} Rxa6 {[%clk 0:27:11]} 45. Bxa6
{[%clk 0:36:46]} 1/2-1/2

[Event "WCO 2016"]
[Site "?"]
[Date "2016.09.11"]
[Round "9"]
[Board "4"]
[WhiteID "14200236"]
[White "Dzhumaev Marat"]
[BlackID "3507165"]
[Black "Ortiz Suarez Isan Reynaldo"]
[Result "1-0"]
[BlackElo "2581"]
[WhiteElo "2450"]
[LiveChessVersion "1.4.8"]

1. d4 {[%clk 1:30:54]} f5 {[%clk 1:30:25]} 2. g3 {[%clk 1:31:12]} Nf6
{[%clk 1:30:46]} 3. Bg2 {[%clk 1:31:30]} g6 {[%clk 1:31:10]} 4. c4
{[%clk 1:29:46]} Bg7 {[%clk 1:31:33]} 5. Nc3 {[%clk 1:24:55]} O-O
{[%clk 1:31:44]} 6. Nf3 {[%clk 1:20:41]} d6 {[%clk 1:32:05]} 7. O-O
{[%clk 1:21:06]} c6 {[%clk 1:32:29]} 8. b3 {[%clk 1:11:26]} Qc7 {[%clk 1:28:18]}
9. Bb2 {[%clk 1:10:43]} e5 {[%clk 1:28:02]} 10. dxe5 {[%clk 1:10:45]} dxe5
{[%clk 1:28:25]} 11. e4 {[%clk 1:11:11]} Na6 {[%clk 1:26:28]} 12. Qe2
{[%clk 0:54:25]} fxe4 {[%clk 1:20:26]} 13. Nxe4 {[%clk 0:53:34]} Nxe4
{[%clk 1:19:24]} 14. Qxe4 {[%clk 0:53:55]} Bf5 {[%clk 1:19:05]} 15. Qe3
{[%clk 0:47:30]} e4 {[%clk 1:08:36]} 16. Bxg7 {[%clk 0:41:06]} Qxg7
{[%clk 0:51:26]} 17. Ng5 {[%clk 0:41:19]} Rae8 {[%clk 0:32:30]} 18. Rae1
{[%clk 0:16:53]} Nb4 {[%clk 0:23:20]} 19. Re2 {[%clk 0:17:15]} Bg4
{[%clk 0:17:52]} 20. Rd2 {[%clk 0:13:42]} Bf3 {[%clk 0:18:18]} 21. Re1
{[%clk 0:12:30]} Bxg2 {[%clk 0:06:51]} 22. Kxg2 {[%clk 0:12:47]} b6
{[%clk 0:07:09]} 23. Nxe4 {[%clk 0:10:52]} c5 {[%clk 0:07:24]} 24. Red1
{[%clk 0:05:53]} Re7 {[%clk 0:06:50]} 25. Rd8 {[%clk 0:05:45]} Nc6
{[%clk 0:03:25]} 26. Rxf8+ {[%clk 0:06:04]} Qxf8 {[%clk 0:03:53]} 27. Rd5
{[%clk 0:03:20]} Nd4 {[%clk 0:03:36]} 28. f3 {[%clk 0:03:31]} h6 {[%clk 0:02:54]}
29. Qd3 {[%clk 0:03:10]} Kh7 {[%clk 0:02:52]} 30. b4 {[%clk 0:01:40]} Rf7
{[%clk 0:03:00]} 31. f4 {[%clk 0:02:05]} Nc6 {[%clk 0:00:43]} 32. Rd7
{[%clk 0:00:33]} Nxb4 {[%clk 0:00:45]} 33. Nf6+ {[%clk 0:00:40]} Kh8
{[%clk 0:00:46]} 34. Qxg6 {[%clk 0:00:45]} Rxd7 {[%clk 0:00:47]} 35. Nxd7
{[%clk 0:01:09]} Qg7 {[%clk 0:01:07]} 36. Qe8+ {[%clk 0:01:19]} Kh7
{[%clk 0:00:59]} 37. Nf8+ {[%clk 0:01:18]} Kh8 {[%clk 0:01:26]} 38. Ne6+
{[%clk 0:00:57]} Qg8 {[%clk 0:01:50]} 39. Qe7 {[%clk 0:01:15]} Qg6
{[%clk 0:01:12]} 40. Qd8+ {[%clk 0:31:34]} Qg8 {[%clk 0:30:45]} 41. Qf6+
{[%clk 0:31:56]} 1-0

[Event "WCO 2016"]
[Site "?"]
[Date "2016.09.11"]
[Round "9"]
[Board "1"]
[WhiteID "3202534"]
[White "Zhao Zong-Yuan"]
[BlackID "13702661"]
[Black "Jumabayev Rinat"]
[Result "1/2-1/2"]
[BlackElo "2604"]
[WhiteElo "2550"]
[LiveChessVersion "1.4.8"]

1. e4 {[%clk 1:30:57]} e5 {[%clk 1:30:56]} 2. Nf3 {[%clk 1:31:23]} Nc6
{[%clk 1:31:23]} 3. Bb5 {[%clk 1:31:49]} a6 {[%clk 1:31:42]} 4. Ba4
{[%clk 1:32:14]} Nf6 {[%clk 1:32:09]} 5. O-O {[%clk 1:32:38]} Be7
{[%clk 1:32:36]} 6. Re1 {[%clk 1:33:04]} b5 {[%clk 1:33:03]} 7. Bb3
{[%clk 1:33:30]} d6 {[%clk 1:33:30]} 8. c3 {[%clk 1:33:52]} O-O {[%clk 1:33:52]}
9. h3 {[%clk 1:34:15]} Nb8 {[%clk 1:34:20]} 10. d4 {[%clk 1:34:26]} Nbd7
{[%clk 1:34:46]} 11. Nbd2 {[%clk 1:34:49]} Bb7 {[%clk 1:35:06]} 12. Bc2
{[%clk 1:35:09]} Re8 {[%clk 1:35:33]} 13. a4 {[%clk 1:35:32]} Bf8
{[%clk 1:30:53]} 14. Bd3 {[%clk 1:35:48]} c6 {[%clk 1:31:05]} 15. b3
{[%clk 1:36:01]} g6 {[%clk 1:31:15]} 16. Bb2 {[%clk 1:36:16]} Rc8
{[%clk 1:23:04]} 17. Bf1 {[%clk 1:24:09]} exd4 {[%clk 1:20:44]} 18. cxd4
{[%clk 1:24:30]} d5 {[%clk 1:21:08]} 19. e5 {[%clk 1:22:06]} Nh5 {[%clk 1:21:02]}
20. g3 {[%clk 1:11:46]} b4 {[%clk 1:21:08]} 21. Bg2 {[%clk 1:10:59]} c5
{[%clk 1:20:10]} 22. dxc5 {[%clk 1:08:45]} Nxc5 {[%clk 1:07:07]} 23. Nf1
{[%clk 1:06:32]} Ne4 {[%clk 1:04:06]} 24. Ne3 {[%clk 1:02:24]} f5
{[%clk 0:45:21]} 25. exf6 {[%clk 0:55:02]} Nhxf6 {[%clk 0:45:45]} 26. Bd4
{[%clk 0:54:54]} Qd6 {[%clk 0:37:21]} 27. Ng4 {[%clk 0:35:23]} Nxg4
{[%clk 0:33:25]} 28. hxg4 {[%clk 0:35:51]} Rcd8 {[%clk 0:31:30]} 29. a5
{[%clk 0:32:41]} Bh6 {[%clk 0:28:13]} 30. Qd3 {[%clk 0:31:02]} Re7
{[%clk 0:25:11]} 31. Re2 {[%clk 0:22:25]} Bc8 {[%clk 0:16:14]} 32. g5
{[%clk 0:19:03]} Bf8 {[%clk 0:16:12]} 33. Re3 {[%clk 0:14:05]} Bf5
{[%clk 0:10:13]} 34. Qf1 {[%clk 0:14:10]} Bd7 {[%clk 0:08:44]} 35. Bh3
{[%clk 0:05:15]} Bb5 {[%clk 0:08:43]} 36. Qe1 {[%clk 0:05:04]} Rde8
{[%clk 0:08:20]} 37. Kg2 {[%clk 0:04:06]} Qd8 {[%clk 0:02:40]} 38. Bb6
{[%clk 0:02:34]} Qd6 {[%clk 0:03:10]} 39. Rd1 {[%clk 0:00:37]} Nc3
{[%clk 0:02:19]} 40. Rd2 {[%clk 0:30:41]} Bc6 {[%clk 0:30:48]} 41. Bd4
{[%clk 0:23:02]} Rxe3 {[%clk 0:30:48]} 42. fxe3 {[%clk 0:22:00]} Ne4
{[%clk 0:30:46]} 43. Rc2 {[%clk 0:22:14]} Bd7 {[%clk 0:29:21]} 44. Bxd7
{[%clk 0:21:45]} Qxd7 {[%clk 0:29:46]} 45. Qh1 {[%clk 0:20:01]} Bd6
{[%clk 0:19:03]} 46. Qh3 {[%clk 0:13:13]} Qf7 {[%clk 0:17:19]} 47. Rc8
{[%clk 0:10:57]} Nxg3 {[%clk 0:07:19]} 48. Bc5 {[%clk 0:06:45]} Nf5
{[%clk 0:01:56]} 49. Rxe8+ {[%clk 0:07:01]} Qxe8 {[%clk 0:02:23]} 50. Bxd6
{[%clk 0:07:25]} Nxd6 {[%clk 0:02:37]} 51. Qg4 {[%clk 0:05:17]} Qe4
{[%clk 0:00:38]} 52. Qd7 {[%clk 0:05:22]} Nf7 {[%clk 0:01:05]} 53. Qc8+
{[%clk 0:04:33]} Kg7 {[%clk 0:01:34]} 54. Kf2 {[%clk 0:04:48]} Qd3
{[%clk 0:01:21]} 55. Qc6 {[%clk 0:03:58]} Qf5 {[%clk 0:01:21]} 56. Qc7
{[%clk 0:03:08]} Qe6 {[%clk 0:00:49]} 57. Ke2 {[%clk 0:02:23]} Qg4
{[%clk 0:00:40]} 58. Kf2 {[%clk 0:02:18]} Qf5 {[%clk 0:01:00]} 59. Ke2
{[%clk 0:02:29]} Qg4 {[%clk 0:00:34]} 60. Kf2 {[%clk 0:02:51]} Qe6
{[%clk 0:00:37]} 61. Ke2 {[%clk 0:03:02]} h5 {[%clk 0:00:42]} 62. gxh6+
{[%clk 0:03:18]} Kxh6 {[%clk 0:01:11]} 63. Nd4 {[%clk 0:03:29]} Qg4+
{[%clk 0:01:26]} 64. Kd2 {[%clk 0:03:36]} Qg2+ {[%clk 0:01:51]} 65. Ke1
{[%clk 0:02:27]} Qg1+ {[%clk 0:01:58]} 66. Ke2 {[%clk 0:02:56]} Qg2+
{[%clk 0:02:18]} 67. Ke1 {[%clk 0:03:25]} Ng5 {[%clk 0:02:06]} 68. Qf4
{[%clk 0:03:24]} Kh5 {[%clk 0:01:26]} 69. Qf2 {[%clk 0:03:28]} Qh1+
{[%clk 0:00:40]} 70. Qf1 {[%clk 0:03:46]} Qxf1+ {[%clk 0:00:35]} 71. Kxf1
{[%clk 0:04:15]} Ne4 {[%clk 0:00:52]} 72. Nc6 {[%clk 0:03:44]} Nd2+
{[%clk 0:00:40]} 73. Ke2 {[%clk 0:03:59]} Nxb3 {[%clk 0:01:04]} 74. Nxb4
{[%clk 0:04:25]} Nxa5 {[%clk 0:00:52]} 75. Nxa6 {[%clk 0:04:55]} Nc6
{[%clk 0:00:45]} 76. Nc7 {[%clk 0:05:06]} Nb4 {[%clk 0:00:52]} 77. e4
{[%clk 0:04:05]} d4 {[%clk 0:01:03]} 78. e5 {[%clk 0:02:15]} g5 {[%clk 0:00:58]}
79. e6 {[%clk 0:02:31]} Nc6 {[%clk 0:01:25]} 80. Nd5 {[%clk 0:02:31]} Kg6
{[%clk 0:01:42]} 81. Kd3 {[%clk 0:02:40]} Kg7 {[%clk 0:01:42]} 82. Ke4
{[%clk 0:02:18]} Kf8 {[%clk 0:02:04]} 83. Kd3 {[%clk 0:01:18]} Ke8
{[%clk 0:01:03]} 84. Ke4 {[%clk 0:01:42]} Kd8 {[%clk 0:01:21]} 85. Kd3
{[%clk 0:01:58]} g4 {[%clk 0:01:07]} 86. e7+ {[%clk 0:01:08]} Kd7
{[%clk 0:00:44]} 87. e8=Q+ {[%clk 0:01:03]} Kxe8 {[%clk 0:01:12]} 88. Nf6+
{[%clk 0:01:28]} Ke7 {[%clk 0:01:27]} 89. Nxg4 {[%clk 0:01:55]} Kd6
{[%clk 0:01:50]} 90. Ne3 {[%clk 0:01:18]} Kc5 {[%clk 0:01:58]} 91. Nc2
{[%clk 0:01:21]} Ne5+ {[%clk 0:02:23]} 92. Kd2 {[%clk 0:01:46]} Nc4+
{[%clk 0:02:41]} 93. Kd3 {[%clk 0:02:04]} Nb2+ {[%clk 0:02:55]} 94. Kd2
{[%clk 0:02:28]} d3 {[%clk 0:03:23]} 95. Ne1 {[%clk 0:02:49]} Kd4
{[%clk 0:03:50]} 96. Nxd3 {[%clk 0:03:14]} 1/2-1/2